| 000 | 00670nam a2200217 a 4500 | ||
|---|---|---|---|
| 999 |
_c3600 _d3600 |
||
| 001 | 3600 | ||
| 003 | BD-JhCC | ||
| 005 | 20171115130310.0 | ||
| 008 | 171115s1370 bg |||| |||| 000 0 ben d | ||
| 035 | _a(BD-JhCC) 3600 | ||
| 040 |
_aBD-JhCC _dBD-JhCC |
||
| 041 | _aben | ||
| 082 |
_a891.442 _bHAQ 1370 |
||
| 100 | _aহক, আবু সাইদ জহুরুল | ||
| 245 |
_aকিশোরমেলা / _cআবু সাইদ জহুরুল হক |
||
| 260 |
_aঢাকা : _bবাঙলা একাডেমী, _c১৩৭০. |
||
| 300 |
_a৫৪ পৃ. : _c২১ সেমি. |
||
| 650 | _aBengali Drama | ||
| 942 |
_2ddc _cBK |
||